Statistics for Astrology - The Houses

Click here to take the quiz!

General Stats

  • This quiz has been taken 105 times
  • The average score is 11 of 12

Answer Stats

HintAnswer% Correct
Career, Social Status, Public Standing, Authority, MidheavenThe 10th House
96%
Self image, Individuality, Ego, Appearance, AscendantThe 1st House
96%
Possessions, Desires, Values, Money, GainsThe 2nd House
96%
Relationships, Romance, Marriage, Partners, DescendantThe 7th House
96%
Entertainment, Pleasure, Love, Fun, ChildrenThe 5th House
95%
Expansion, Beliefs, Travel, Philosophy, AdventureThe 9th House
93%
Subconscious, Intuition, Dreams, Isolation, Self-undoingThe 12th House
91%
Communication, Speech, Short trips, Education, SiblingsThe 3rd House
91%
Rebirth, Transformation, other's money, the occult, the unknownThe 8th house
91%
Friends, Clubs, Technology, Organizations, Social groupsThe 11th House
83%
Family, Home, Roots, Foundation, EmotionsThe 4th House
81%
Health, Service, Routine, Responsibility, HygieneThe 6th House
80%

Score Distribution

Percentile by Number Answered

Percent of People with Each Score

Your Score History

You have not taken this quiz